000 00604nam a2200169 a 4500
001 BRCA_1406
005 20190320203419.0
008 770310s1955 mx-#---###---#000-0#spa-#
050 4 _aLE7
_b.J56 1955
100 1 _aJiménez Rueda, Julio
_94598
245 1 0 _aHistoria jurídica de la Universidad de México
_cJulio Jiménez Rueda.
260 _a[México]
_bFacultad de Filosofía y Letras
_c1955
300 _a261 p.
_c24 cm.
500 _aIncluye índice de nombres citados en el texto
610 2 4 _aUniversidad Nacional Autónoma de México
_xHistoria Jurídica
_zCiudad de México
_94599
942 _2lcc
_cB
999 _c1268
_d1268